000 00351cam a2200157ua 4500
001 6494
008 060101n1978 II |||gr||||Z||||||hin
040 _aMAIN
041 _aEnglish
082 _a891.43 JAI
100 _aJAIN , RAJMAL .
245 _aVIRAM CHINHA
260 _aNEW DELHI
_bOXFORD UNIVERSITY PRESS
_c1978
300 _a92.
942 _cBK
999 _c6479
_d6479